Danish Association of Chartered Surveyors (Record no. 119607)

MARC details
000 -LEADER
fixed length control field 00626cam a2200205 4500
001 - CONTROL NUMBER
control field WS108069
008 - FIXED-LENGTH DATA ELEMENTS--GENERAL INFORMATION
fixed length control field 000000n 000 0 eng u
035 ## - SYSTEM CONTROL NUMBER
System control number (Sirsi) u108069
110 ## - MAIN ENTRY--CORPORATE NAME
Corporate name or jurisdiction name as entry element Danish Association of Chartered Surveyors
9 (RLIN) 3929
245 ## - TITLE STATEMENT
Title Danish Association of Chartered Surveyors
520 ## - SUMMARY, ETC.
Summary, etc. Web site for this Scandinavian surveying organisation.
650 ## - SUBJECT ADDED ENTRY--TOPICAL TERM
Topical term or geographic name entry element DENMARK
650 ## - SUBJECT ADDED ENTRY--TOPICAL TERM
Topical term or geographic name entry element ABOUT RICS-RICS MEMBERS
650 ## - SUBJECT ADDED ENTRY--TOPICAL TERM
Topical term or geographic name entry element EUROPE
650 ## - SUBJECT ADDED ENTRY--TOPICAL TERM
Topical term or geographic name entry element INTERNATIONAL
650 ## - SUBJECT ADDED ENTRY--TOPICAL TERM
Topical term or geographic name entry element ORGANISATION
690 ## - LOCAL SUBJECT ADDED ENTRY--TOPICAL TERM (OCLC, RLIN)
Topical term or geographic name as entry element EUROPE
856 40 - ELECTRONIC LOCATION AND ACCESS
Uniform Resource Identifier <a href="https://www.ddl.org">https://www.ddl.org</a>
Public note View the website free of charge at www.ddl.org...
942 ## - ADDED ENTRY ELEMENTS (KOHA)
Suppress in OPAC 0
Holdings
Withdrawn status Lost status Source of classification or shelving scheme Damaged status Not for loan Home library Current library Shelving location Date acquired Total Checkouts Full call number Barcode Date last seen Copy number Price effective from Koha item type
    Dewey Decimal Classification     Virtual Virtual Online 30/08/2000   WEB SITE 108069-2001 06/08/2019 1 06/08/2019 Online material